000 01083nam a2200325 a 4500
008
020 _a1560534125 (paperback)
040 _aNUST
_cNUST
049 _aMAIN
090 _aRC86.7
_bADM
245 1 0 _aAdmission and discharge decisions in emergency medicine/
_cedited by Leonard R Frank & Kathleen A Jobe.
260 _aPhiladelphia, PA :
_bHanley & Belfus,
_c2002.
300 _axii, 435 pages :
_billustrations ;
_c26 cm.
336 _atext
_btxt
_2rdacontent
337 _aunmediated
_bn
_2rdamedia
338 _avolume
_bnc
_2rdacarrier
500 _aIncludes index.
504 _aIncludes bibliographical references.
650 1 _aEmergency medicine.
650 _aHospitals
_xAdmission and discharge.
650 _aHospitals
_cAfter care.
650 _aEvidence-based medicine.
650 _aPatient discharge.
700 _aFrank, Leonard R.,
_aeditor.
700 _aJobe, Kathleen A.,
_aeditor.
907 _a.b10409774
_b21-09-21
_c21-09-21
003
005 20230120204319.0
942 _cBOOKS
_kRC86.7
_mADM
999 _c121007
_d121007